Top Cocoa Bean Producing Countries - Statistics

General Stats
  • This quiz has been taken 43 times
  • The average score is 17 of 25
Answer Stats
# Tonnes Answer % Correct
5 296,145 Brazil
92%
12 35,000 DR Congo
82%
7 284,232 Nigeria
82%
2 653,700 Ghana
76%
14 30,000 India
76%
8 166,709 Peru
76%
10 59,831 Colombia
74%
1 2,377,442 Cote d'Ivoire
74%
3 641,741 Indonesia
74%
16 29,047 Mexico
74%
21 15,000 Togo
74%
15 29,359 Venezuela
68%
6 295,819 Cameroon
66%
4 375,719 Ecuador
66%
17 23,164 Guinea
66%
18 20,000 Liberia
63%
9 65,930 Dominican Republic
61%
22 12,000 Tanzania
61%
23 11,652 Guatemala
58%
20 18,000 Sierra Leone
58%
25 9,317 Nicaragua
55%
11 43,200 Papua New Guinea
55%
12 35,000 Uganda
53%
24 10,759 Philippines
50%
18 20,000 Madagascar
37%
No matching quizzes found
Score Distribution
Percent of People with Each Score
Percentile by Number Answered
Your Score History
You have not taken this quiz